Sports Quiz

Random Sports or MLB Quiz

MLB Batting Leaders (2011) Quiz Stats

Quiz Updated Oct 17, 2016

Challenge
Share
Tweet
Embed
Score 0/112 Timer 10:00
4 Plays Today
Category Player % Correct
Home RunsAlbert Pujols
88%
Runs ScoredAlbert Pujols
88%
Home RunsPrince Fielder
83.2%
Runs Batted InPrince Fielder
83.2%
Base on BallsPrince Fielder
83.2%
Batting AverageRyan Braun
81.6%
Home RunsRyan Braun
81.6%
Runs Batted InRyan Braun
81.6%
Runs ScoredRyan Braun
81.6%
Batting AverageMiguel Cabrera
81%
HitsMiguel Cabrera
81%
Runs ScoredMiguel Cabrera
81%
Base on BallsMiguel Cabrera
81%
DoublesMiguel Cabrera
81%
Runs Batted InMiguel Cabrera
81%
HitsMelky Cabrera
80.2%
DoublesMelky Cabrera
80.2%
Home RunsJose Bautista
79.5%
Runs ScoredJose Bautista
79.5%
Base on BallsJose Bautista
79.5%
Batting AverageJose Reyes
79.2%
Stolen BasesJose Reyes
79.2%
TriplesJose Reyes
79.2%
Batting AverageAdrian Gonzalez
79.1%
Runs Batted InAdrian Gonzalez
79.1%
HitsAdrian Gonzalez
79.1%
Runs ScoredAdrian Gonzalez
79.1%
DoublesAdrian Gonzalez
79.1%
Home RunsCurtis Granderson
77.6%
Runs Batted InCurtis Granderson
77.6%
Runs ScoredCurtis Granderson
77.6%
StrikeoutsCurtis Granderson
77.6%
TriplesCurtis Granderson
77.6%
Runs Batted InRyan Howard
76.7%
StrikeoutsRyan Howard
76.7%
Home RunsRyan Howard
76.7%
Batting AverageMatt Kemp
72.1%
Home RunsMatt Kemp
72.1%
Category Player % Correct
Runs Batted InMatt Kemp
72.1%
HitsMatt Kemp
72.1%
Runs ScoredMatt Kemp
72.1%
Stolen BasesMatt Kemp
72.1%
Runs Batted InRobinson Cano
69.9%
DoublesRobinson Cano
69.9%
Stolen BasesIchiro Suzuki
69.8%
Batting AverageJacoby Ellsbury
66.9%
HitsJacoby Ellsbury
66.9%
Runs ScoredJacoby Ellsbury
66.9%
Stolen BasesJacoby Ellsbury
66.9%
DoublesJacoby Ellsbury
66.9%
Runs Batted InJacoby Ellsbury
66.9%
Batting AverageDavid Ortiz
66%
Home RunsMark Teixeira
65%
Runs Batted InMark Teixeira
65%
HitsDustin Pedroia
64.8%
Batting AverageMichael Young
63.2%
Runs Batted InMichael Young
63.2%
HitsMichael Young
63.2%
DoublesMichael Young
63.2%
StrikeoutsAdam Dunn
62.2%
Home RunsMark Reynolds
62.1%
StrikeoutsMark Reynolds
62.1%
Runs ScoredJustin Upton
57.2%
StrikeoutsB.J. Upton
57.1%
Base on BallsJoey Votto
53%
HitsMichael Bourn
51.7%
Stolen BasesMichael Bourn
51.7%
TriplesMichael Bourn
51.7%
Base on BallsLance Berkman
49.1%
Runs Batted InAdrian Beltre
48%
Runs Batted InPaul Konerko
45.3%
Stolen BasesBrett Gardner
42.2%
TriplesBrett Gardner
42.2%
Batting AverageVictor Martinez
41.9%
Runs Batted InTroy Tulowitzki
41.4%
Batting AverageHunter Pence
40.7%
Category Player % Correct
HitsHunter Pence
40.7%
Runs ScoredIan Kinsler
39.3%
Base on BallsIan Kinsler
39.3%
TriplesShane Victorino
37.9%
Home RunsDan Uggla
37%
StrikeoutsAustin Jackson
35.8%
TriplesAustin Jackson
35.8%
Base on BallsCarlos Pena
32.8%
StrikeoutsCarlos Pena
32.8%
Base on BallsNick Swisher
32.2%
TriplesJemile Weeks
32.2%
StrikeoutsKelly Johnson
30.2%
Base on BallsAndrew McCutchen
29.4%
HitsStarlin Castro
28.1%
TriplesStarlin Castro
28.1%
Home RunsMike Stanton
28.1%
StrikeoutsMike Stanton
28.1%
DoublesAlex Gordon
25.8%
DoublesBilly Butler
25%
TriplesSeth Smith
24%
DoublesBen Zobrist
20%
Stolen BasesDrew Stubbs
18.9%
StrikeoutsDrew Stubbs
18.9%
Stolen BasesCoco Crisp
18.7%
TriplesDexter Fowler
15%
Base on BallsCarlos Santana
12%
DoublesJeff Francoeur
11.2%
TriplesAlcides Escobar
9.9%
TriplesErick Aybar
9.2%
Stolen BasesCameron Maybin
9.1%
TriplesCameron Maybin
9.1%
Stolen BasesEmilio Bonifacio
8.5%
TriplesPeter Bourjos
8%
TriplesOmar Infante
7.3%
StrikeoutsDanny Espinosa
6.3%
TriplesGerardo Parra
4.7%

You're not logged in!

Compare scores with friends on all Sporcle quizzes.
Join for Free
OR
Log In

You Might Also Like...

Show Comments

Extras

Top Quizzes Today


Score Distribution

Your Account Isn't Verified!

In order to create a playlist on Sporcle, you need to verify the email address you used during registration. Go to your Sporcle Settings to finish the process.

Report this User

Report this user for behavior that violates our Community Guidelines.

Details: